| 000 | 00658cac a2200229 a 4500 | ||
|---|---|---|---|
| 003 | Co-PeBpm | ||
| 005 | 20241022185419.0 | ||
| 008 | 231129e2000||||xx |||||||||||||1 ||spa|| | ||
| 020 | _a8440696841 | ||
| 040 |
_aCo-PeBPM _bspa _cCo-PeBPM _erda |
||
| 041 | _aspa | ||
| 082 | 0 | 4 |
_a108M337m _222 |
| 100 | 1 | _aMarinoff , Lou | |
| 245 | 1 | 0 |
_aMás Platón y Menos Prozac _c/ Lou Marinoff |
| 260 |
_aBarcelona, España _b: Ediciones B _c, 2000 |
||
| 300 |
_a399 Páginas _b; 15 Centímetros |
||
| 500 | _aIncluye Índice. | ||
| 650 | 1 | 4 |
_2LEMB _aFilosofía de la vida |
| 650 | 1 | 4 |
_2LEMB _aVida cotidiana |
| 650 | 1 | 4 |
_2LEMB _aAspectos filosóficos |
| 942 |
_2ddc _cBK |
||
| 999 |
_c20732 _d20732 |
||